000 02639nam a22005177a 4500
003 CHAP
005 20220817042200.0
008 971013s1978 r 00010 d
010 _a36985
011 _a37957
035 _a42077
040 _cCHAP
082 _a551.4
_bO68
100 0 0 _aOrtiz Solorio, Carlos Alberto.
_984067
245 1 _aMetodología del levantamiento fisiográfico ; un sistema de clasificación de tierras
260 _aChapingo, Méx. :
_bENA. Colegio de Postgraduados. Rama de Suelos,
_c1978
300 _a85 p.
_b: ilus. mapas
590 _aBATCH-UPD
_b10
_c20130110
_lUCH01
_h1654
590 _aBATCH-UPD
_b10
_c20130410
_lUCH01
_h1042
590 _aBATCH-UPD
_b10
_c20130914
_lUCH01
_h1432
590 _aCONVERSION
_b10
_c20130109
_lUCH01
_h1321
650 1 4 _aFotografía aérea.
_942714
650 1 4 _aLevantamiento fisiográfico.
700 0 _aCuanalo de la Cerda, Heriberto E.
_929925
901 _aBK
942 _cLIBRO
949 _a551.4 O68
_bBC
_cLIBRO
_d-149247
_eLIBRO
_fc.12
_h46538
_i42077
_si
949 _a551.4 O68
_bBC
_cLIBRO
_d33724000414215
_eLIBRO
_fc.18
_h62305
_i42077
_si
949 _a551.4 O68
_bBC
_cLIBRO
_d33724000414264
_eLIBRO
_fc.6
_h46532
_i42077
_si
949 _a551.4 O68
_bBC
_cLIBRO
_d33724000414280
_eLIBRO
_fc.13
_h46539
_i42077
_si
949 _a551.4 O68
_bBC
_cLIBRO
_d33724000414298
_eLIBRO
_fc.4
_h46530
_i42077
_si
949 _a551.4 O68
_bBC
_cLIBRO
_d33724000414306
_eLIBRO
_fc.7
_h46533
_i42077
_si
949 _a551.4 O68
_bBC
_cLIBRO
_d33724000414314
_eLIBRO
_fc.5 Sus.
_h46531
_i42077
_mPerdido y sustituido por: Autor.- Leet, L. Don y Judson, Sheldon ; TŁtulo.- Fundamentos de geologŁa fŁsica ; ClasificaciØn.- 551 L4Y 1965 c.28
_sm
949 _a551.4 O68
_bBC
_cLIBRO
_d33724000414405
_eLIBRO
_fc.8
_h46534
_i42077
_si
949 _a551.4 O68
_bBC
_cLIBRO
_d33724000414421
_eLIBRO
_fc.11
_h46537
_i42077
_si
949 _a551.4 O68
_bBC
_cLIBRO
_d33724000414439
_eLIBRO
_fc.3
_h46529
_i42077
_si
949 _a551.4 O68
_bBC
_cLIBRO
_d33724000414454
_eLIBRO
_fc.10
_h46536
_i42077
_si
949 _a551.4 O68
_bBC
_cLIBRO
_d33724000414470
_eLIBRO
_fc.17
_h49165
_i42077
_si
949 _a551.4 O68
_bBC
_cLIBRO
_d33724000435608
_eLIBRO
_fc.16
_h47437
_i42077
_si
949 _a551.4 O68
_bBC
_cLIBRO
_d33724000662268
_eLIBRO
_h46517
_i42077
_si
949 _a551.4 O68
_bBC
_cLIBRO
_d33724000667051
_eLIBRO
_fc.9
_h46535
_i42077
_si
949 _a551.4 O68
_bBC
_cLIBRO
_d33724000958377
_eLIBRO
_fc.19
_h105169
_i42077
_sb
949 _a551.4 O68
_bBC
_cLIBRO
_d33724000983128
_eLIBRO
_fc.14
_h46540
_i42077
_si
949 _a551.4 O68
_bBC
_cMUT
_d-149251
_eMUT
_fc.15
_h46541
_i42077
_si
949 _a551.4 O68
_bBC
_cUACH
_d-149235
_eUACH
_fc.2
_h46520
_i42077
_si
999 _c36985
_d36985